Прикладные вопросы математики: [тематический сборник]

书目详细资料
企业作者: Московский энергетический институт
其他作者: Ломов С. А. (редактор), Похожаев С. И.
语言:俄语
出版: Москва, Изд-во МЭИ, 1978
丛编:Труды Московского энергетического института (МЭИ) Вып. 357
主题:
格式: 图书
KOHA link:https://koha.lib.tpu.ru/cgi-bin/koha/opac-detail.pl?biblionumber=362992

MARC

LEADER 00000nam0a2200000 4500
001 362992
005 20250211063218.0
035 |a (RuTPU)RU\TPU\retro\20338 
035 |a RU\TPU\retro\20332 
090 |a 362992 
100 |a 20210909d1978 k y0rusy5003 ca 
101 0 |a rus 
102 |a RU 
105 |a y z 001zy 
200 1 |a Прикладные вопросы математики  |e [тематический сборник]  |f Московский энергетический институт ; под ред. С. А. Ломова; под ред. С. И. Похожаева 
210 |a Москва  |c Изд-во МЭИ  |d 1978 
215 |a 124 с.  |c табл., ил. 
225 1 |a Труды Московского энергетического института (МЭИ)  |v Вып. 357 
320 |a Библиогр. в конце ст. 
500 1 0 |a Труды Московского энергетического института  |9 88841 
606 1 |a Математика прикладная  |2 stltpush  |3 (RuTPU)RU\TPU\subj\53312  |9 71627 
610 1 |a неоднородные среды 
610 1 |a флуктуационная проводимость 
610 1 |a статистические характеристики 
610 1 |a дифференциальные уравнения бесконечного порядка 
610 1 |a классы функций 
610 1 |a решительность 
610 1 |a интегральные уравнения 
610 1 |a обыкновенные дифференциальные уравнения 
610 1 |a линейные системы 
610 1 |a стационарные возмущения 
610 1 |a устойчивость 
610 1 |a асимптотика решений 
610 1 |a вентильный электропривод 
610 1 |a квазилинейные параболические уравнения 
610 1 |a пространства Соболева 
610 1 |a нелинейные уравнения 
610 1 |a автономные системы 
610 1 |a уравнения движения 
610 1 |a автомобильный транспорт 
610 1 |a движение газов 
610 1 |a осесимметричные задачи 
610 1 |a дифференциальные уравнения 
610 1 |a суперпозиции 
675 |a 51-7  |v 3 
702 1 |a Ломов  |b С. А.  |4 340 
702 1 |a Похожаев  |b С. И.  |4 340 
712 0 2 |a Московский энергетический институт  |c (1930-1992)  |3 (RuTPU)RU\TPU\col\20092  |9 27693 
801 0 |a RU  |b 63413507  |c 19950704  |g psbo 
801 1 |a RU  |b 63413507  |c 20060118  |g PSBO 
801 2 |a RU  |b 63413507  |c 20220214  |g PSBO 
942 |c BK